| 000 | 00489nam a22001937a 4500 | ||
|---|---|---|---|
| 003 | CEME | ||
| 005 | 20210628203436.0 | ||
| 008 | 210122b xxu||||| |||| 00| 0 eng d | ||
| 020 | _a0-8311-3189-6 | ||
| 040 | _cceme | ||
| 082 | _a658.202 LEV | ||
| 100 |
_aLevitt, Joel _965038 |
||
| 245 | _aManaging factory maintenance | ||
| 250 | _a2ND | ||
| 260 |
_aNEW YORK _bINDUSTRIAL PRESS _c2005 |
||
| 300 | _aXIX,298 P | ||
| 650 |
_aPLANT MAINTENANCE - MANAGEMENT. _92593 |
||
| 942 |
_cBK _2ddc |
||
| 999 |
_c573676 _d573676 |
||